La problemt̀ica de las condiciones en el registro de la propiedad

Detalles Bibliográficos
Autor principal: Vidal Francš, Pablo
Formato: Desconocido
Lenguaje:español
Publicado: Barcelona : Atelier, 1998
Materias:
Acceso en línea:Acceso restringido

MARC

LEADER 00000ny a22000003n 4500
005 20110527095448.0
008 990222s1998 sp s 000 0 spa c
017 |a B38371-1998 
020 |a 8492316756 
035 |a 518 
040 |a UMA.DER  |d vLex 
040 |a UMA.RE  |d vLex 
080 |a 347.235(460) 
080 |a 347.235(460)(0.034) 
090 |c 304  |d 304 
100 1 |a Vidal Francš, Pablo 
245 1 3 |a La problemt̀ica de las condiciones en el registro de la propiedad  |h [Recurso electrn̤ico]  |c Pablo Vidal Francš 
256 |a Servicio en ln̕ea 
260 |a Barcelona :  |b Atelier,  |c 1998 
300 |a 188 p. ;  |c 22 cm 
504 |a Incluye referencias bibliogrf̀icas 
506 1 |a Contenido solo disponible en los productos indicados  |d vLex Global  |d vLex Global (Academic Edition, excluding Law Schools)  |d vLex Global (U.S. Academic Edition, Law Schools)  |d vLex Global (U.S. Academic Edition, excluding Law Schools)  |d vLex Global (Academic Edition, Law Schools) 
650 0 7 |a Registro de la propiedad  |2 Tesauro vLex 
650 0 7 |a Civil  |2 Tesauro vLex 
650 0 7 |a Registro de la propiedad  |2 Tesauro vLex 
740 0 |a vLex Libros (Servicios en ln̕ea) 
856 4 0 |u http://vlex.com/source/518  |z Acceso restringido 
942 |c BOOK 
999 0 |a Civil Law   |b Barcelona